| 000 | 00581nam a2200217Ia 4500 | ||
|---|---|---|---|
| 001 | 71093 | ||
| 008 | 160226s9999 xx 000 0 und d | ||
| 020 | _a9781292018225 | ||
| 040 | _cPK-LaUMT | ||
| 082 |
_a 657.42 _bHOR-C |
||
| 100 | _aHorngren, Charles T. | ||
| 245 |
_aCost accounting _ba managerial emphasis _cHorngren, Charles T.|Datar, Srikant M.|Rajan, Madhav V. |
||
| 250 | _a15th | ||
| 260 |
_aBoston,USA: _bPearson, _c2015 |
||
| 300 | _a960 p. | ||
| 546 | _aEN | ||
| 650 | _aAccounting | ||
| 700 | _aDatar, Srikant M. | ||
| 700 | _aRajan, Madhav V. | ||
| 942 | _cBK | ||
| 999 |
_c83486 _d83486 |
||